| 000 | 01613cam a2200241 4500 | ||
|---|---|---|---|
| 001 | ABS64595 | ||
| 008 | 011005n2001 000 0 eng u | ||
| 035 | _a(Sirsi) u115015 | ||
| 100 | _aNorwood, G. | ||
| 245 | _aMice aid lawyers in house searches | ||
| 260 | _c2001 | ||
| 490 |
_aEstates Gazette _v(0139) 29 September 2001, 126-127(2) |
||
| 520 | _aElectronic property conveyancing will soon be a reality. The National Land Information Service (NLIS) was set up to help promote online conveyancing, mainly to the residential market. NLIS is the statutory body that grants licenses for online access to land and property information from a variety of sources. Each NLIS licence holder will compete to attract the best portfolio of electronic data providers, ranging from map makers to local authorities. Searchflow.co.uk, a joint venture of the Property Service Agency, Geographic Information Systems and ESRI, is the third, and latest, internet service to win a licence from NLIS. Its service is aimed at solicitors acting on behalf of buyers, sellers and lenders. It does not charge a subscription, earning most of its income from transaction charges for providing data to solicitors. Describes how Searchflow works, and the potential savings it offers to residential, and commercial, property buyers. | ||
| 590 | _aABS | ||
| 650 | _aONLINE CONVEYANCING | ||
| 650 | _aECONVEYANCING | ||
| 650 | _aNATIONAL LAND INFORMATION SERVICE | ||
| 650 | _aSEARCHFLOW | ||
| 650 | _aHOUSE BUYERS | ||
| 650 | _aMANAGEMENT-BUSINESS MANAGEMENT-INFORMATION MANAGEMENT | ||
| 690 | _aPROPERTY | ||
| 942 | _n0 | ||
| 999 |
_c68495 _d68495 |
||